La politique étrangère : Théories, méthodes et références (notice n° 2198720)

détails MARC
000 -LEADER
fixed length control field 01380cam a2200133 4500500
005 - DATE AND TIME OF LATEST TRANSACTION
control field 20260405085600.0
041 ## - LANGUAGE CODE
Language code of text/sound track or separate title fre
042 ## - AUTHENTICATION CODE
Authentication code dc
100 10 - MAIN ENTRY--PERSONAL NAME
Personal name Morin, Jean-Frédéric
Relator term author
245 00 - TITLE STATEMENT
Title La politique étrangère : Théories, méthodes et références
260 ## - PUBLICATION, DISTRIBUTION, ETC.
Name of publisher, distributor, etc. Armand Colin,<br/>
Date of publication, distribution, etc. 2013.<br/>
520 ## - SUMMARY, ETC.
Summary, etc. Pourquoi les pays occidentaux versent-ils davantage d’aide au développement aux autocraties qu’aux démocraties ? Pourquoi le Danemark réussit-il à exercer une influence disproportionnée au sein de l’Union européenne ? Pourquoi le Canada a-t-il fait du maintien de la paix la pierre angulaire de sa politique étrangère ?Ce manuel propose une introduction aux théories et aux méthodes de l’analyse de la politique étrangère. Il passe en revue les principales approches, des classiques aux plus récentes. Plus qu’une simple synthèse, il identifie les courants émergents, les lacunes qui doivent être comblées, les données qui peuvent être mobilisées, les pièges à éviter et les références bibliographiques à creuser.C’est le point d’entrée incontournable pour tous les étudiants, les doctorants et les chercheurs qui entament un projet de recherche sur la politique étrangère.
856 41 - ELECTRONIC LOCATION AND ACCESS
Uniform Resource Identifier <a href="https://shs.cairn.info/la-politique-etrangere-theories-methodes-reference--9782200272227?lang=fr&redirect-ssocas=7080">https://shs.cairn.info/la-politique-etrangere-theories-methodes-reference--9782200272227?lang=fr&redirect-ssocas=7080</a>

Pas d'exemplaire disponible.

PLUDOC

PLUDOC est la plateforme unique et centralisée de gestion des bibliothèques physiques et numériques de Guinée administré par le CEDUST. Elle est la plus grande base de données de ressources documentaires pour les Étudiants, Enseignants chercheurs et Chercheurs de Guinée.

Adresse

627 919 101/664 919 101

25 boulevard du commerce
Kaloum, Conakry, Guinée

Réseaux sociaux

Powered by Netsen Group @ 2025